Nové povinnosti zaměstnavatelů a podnikatelů.
Zmeny v náhrade škody za pracovné úrazy a choroby z povolania podľa novely zákonníka práce platnej v ČR od 1. januára 1993. Zákonné poistenie a spôsob jeho výpočtu. Povinnosti a nové nemocenské zabezpečenie. Dávky v prípade choroby. Nároky na dávky nemocenského a ich výška.
Salvato in:
| Autore principale: | |
|---|---|
| Natura: | Capitolo di libro |
| Lingua: | ceco |
| Soggetti: | |
| Tags: |
Nessun Tag, puoi essere il primo ad aggiungerne!!
|
MARC
| LEADER | 00000naa a2200000 4500 | ||
|---|---|---|---|
| 001 | r011722 | ||
| 005 | 20220826093207.6 | ||
| 041 | 0 | |a cze | |
| 044 | |a [CS] | ||
| 245 | 1 | 0 | |a Nové povinnosti zaměstnavatelů a podnikatelů. |c L. Jouza |
| 520 | |a Zmeny v náhrade škody za pracovné úrazy a choroby z povolania podľa novely zákonníka práce platnej v ČR od 1. januára 1993. Zákonné poistenie a spôsob jeho výpočtu. Povinnosti a nové nemocenské zabezpečenie. Dávky v prípade choroby. Nároky na dávky nemocenského a ich výška. | ||
| 610 | 2 | 0 | |a poistenie sociálne |
| 610 | 2 | 0 | |a náhrada škody |
| 610 | 2 | 0 | |a zákonník práce |
| 610 | 2 | 0 | |a Čechy |
| 610 | 2 | 0 | |a nemocenské |
| 610 | 2 | 0 | |a podnikatelia |
| 610 | 2 | 0 | |a zamestnanci |
| 100 | 1 | |a Jouza, L. | |